<?xml version="1.0" encoding="UTF-8"?>
<record
    xmlns:xsi="http://www.w3.org/2001/XMLSchema-instance"
    xsi:schemaLocation="http://www.loc.gov/MARC21/slim http://www.loc.gov/standards/marcxml/schema/MARC21slim.xsd"
    xmlns="http://www.loc.gov/MARC21/slim">

  <leader>01444nam a2200313 a 4500</leader>
  <controlfield tag="001">BRCA_6043</controlfield>
  <controlfield tag="005">20190320205317.0</controlfield>
  <controlfield tag="008">130511s2006----mx-a######---#000-0#spa-#</controlfield>
  <datafield tag="020" ind1=" " ind2=" ">
    <subfield code="a">9709719041</subfield>
  </datafield>
  <datafield tag="041" ind1=" " ind2=" ">
    <subfield code="a">spa</subfield>
  </datafield>
  <datafield tag="044" ind1=" " ind2=" ">
    <subfield code="a">mx</subfield>
  </datafield>
  <datafield tag="050" ind1=" " ind2="4">
    <subfield code="a">CD3651</subfield>
    <subfield code="b">.C63 2006</subfield>
  </datafield>
  <datafield tag="245" ind1="1" ind2="0">
    <subfield code="a">Corpus Christi</subfield>
    <subfield code="b">Sede del Acervo Hist&#xF3;rico del Archivo General de Notar&#xED;as</subfield>
    <subfield code="c">presentaci&#xF3;n Alejandro Encinas ; introducci&#xF3;n Guillermo Tovar de Teresa ; textos Mar&#xED;a Estela R&#xED;os Gonz&#xE1;lez ... [et al.] ; edici&#xF3;n Carlos Gonz&#xE1;lez Manterola ; fotograf&#xED;a Jos&#xE9; Ignacio Gonz&#xE1;lez Manterola.</subfield>
  </datafield>
  <datafield tag="260" ind1=" " ind2=" ">
    <subfield code="a">M&#xE9;xico</subfield>
    <subfield code="b">Gobierno del Distrito Federal. Fideicomiso Centro Hist&#xF3;rico</subfield>
    <subfield code="c">2006</subfield>
  </datafield>
  <datafield tag="300" ind1=" " ind2=" ">
    <subfield code="a">285 p.</subfield>
    <subfield code="b">il. (algunas a color)</subfield>
    <subfield code="c">34 cm.</subfield>
  </datafield>
  <datafield tag="500" ind1=" " ind2=" ">
    <subfield code="a">Incluye piezas de la colecci&#xF3;n Franz Mayer: p. 83 y 104.</subfield>
  </datafield>
  <datafield tag="500" ind1=" " ind2=" ">
    <subfield code="a">Donaci&#xF3;n Dra. Elsa Barberena</subfield>
  </datafield>
  <datafield tag="610" ind1="2" ind2="4">
    <subfield code="a">Convento de Corpus Christi</subfield>
    <subfield code="z">Ciudad de M&#xE9;xico</subfield>
    <subfield code="9">15242</subfield>
  </datafield>
  <datafield tag="650" ind1="1" ind2="4">
    <subfield code="a">Arquitectura de edificios</subfield>
    <subfield code="z">Ciudad de M&#xE9;xico</subfield>
    <subfield code="9">15243</subfield>
  </datafield>
  <datafield tag="650" ind1="1" ind2="4">
    <subfield code="a">Edificios hist&#xF3;ricos</subfield>
    <subfield code="x">Conservaci&#xF3;n y restauraci&#xF3;n</subfield>
    <subfield code="z">Ciudad de M&#xE9;xico</subfield>
    <subfield code="9">15244</subfield>
  </datafield>
  <datafield tag="651" ind1=" " ind2="4">
    <subfield code="a">Ciudad de M&#xE9;xico (M&#xE9;xico)</subfield>
    <subfield code="x">Edificios, estructuras, etc.</subfield>
    <subfield code="9">15245</subfield>
  </datafield>
  <datafield tag="700" ind1="1" ind2=" ">
    <subfield code="a">Encinas R., Alejandro.</subfield>
    <subfield code="9">15246</subfield>
  </datafield>
  <datafield tag="700" ind1="1" ind2=" ">
    <subfield code="a">Tovar de Teresa, Guillermo.</subfield>
    <subfield code="9">3098</subfield>
  </datafield>
  <datafield tag="700" ind1="1" ind2=" ">
    <subfield code="a">R&#xED;os Gonz&#xE1;lez, Mar&#xED;a Estela</subfield>
    <subfield code="9">15247</subfield>
  </datafield>
  <datafield tag="700" ind1="1" ind2=" ">
    <subfield code="a">Gonz&#xE1;lez Manterola, Carlos.</subfield>
    <subfield code="9">3515</subfield>
  </datafield>
  <datafield tag="700" ind1="1" ind2=" ">
    <subfield code="a">Gonz&#xE1;lez Manterola, Jos&#xE9; Ignacio.</subfield>
    <subfield code="9">2339</subfield>
  </datafield>
  <datafield tag="902" ind1=" " ind2=" ">
    <subfield code="a">DEB</subfield>
  </datafield>
  <datafield tag="942" ind1=" " ind2=" ">
    <subfield code="2">lcc</subfield>
    <subfield code="c">B</subfield>
  </datafield>
  <datafield tag="999" ind1=" " ind2=" ">
    <subfield code="c">5731</subfield>
    <subfield code="d">5731</subfield>
  </datafield>
  <datafield tag="952" ind1=" " ind2=" ">
    <subfield code="0">0</subfield>
    <subfield code="1">0</subfield>
    <subfield code="4">0</subfield>
    <subfield code="7">0</subfield>
    <subfield code="a">BRCA</subfield>
    <subfield code="b">BRCA</subfield>
    <subfield code="d">2011-05-13</subfield>
    <subfield code="l">0</subfield>
    <subfield code="o">CD3651 .C63 2006</subfield>
    <subfield code="p">DEB00001</subfield>
    <subfield code="r">2019-03-22 00:00:00</subfield>
    <subfield code="w">2019-03-22</subfield>
    <subfield code="y">B</subfield>
  </datafield>
</record>
